=LDR 00000nam 2200000 4500 =001 INLIS000000000016686 =005 20130612111940 =008 ***********************************Ind** =035 ##$$0010-061300000016686 =041 ##$$a Ind =082 ##$$a F Rom K =090 ##$$a F Rom K, Ste l =100 ##$$a Stevenson, Peter =245 ##$$a 5 menit dongeng menjelang tidur, unggas pertanian, Peter Stevenson =260 ##$$a 1996 $b Bogor =300 ##$$a ...jil, ilus, 27 cm =650 ##$$a Fiksi kanak-kanak-terjemahan =850 ##$$a NBPNMAT